Ջավախք : (Record no. 76544)
[ view plain ]
| 000 -LEADER | |
|---|---|
| fixed length control field | 00938nam a2200241 a 4500 |
| 001 - CONTROL NUMBER | |
| control field | 000218394 |
| 003 - CONTROL NUMBER IDENTIFIER | |
| control field | AM-YeHGA |
| 005 - DATE AND TIME OF LATEST TRANSACTION | |
| control field | 20250617124319.0 |
| 008 - FIXED-LENGTH DATA ELEMENTS--GENERAL INFORMATION | |
| fixed length control field | 030416s2002 ai |||||r|||||000|0|arm|d |
| 020 ## - INTERNATIONAL STANDARD BOOK NUMBER | |
| International Standard Book Number | 554001832X |
| 040 ## - CATALOGING SOURCE | |
| Original cataloging agency | AM-YeHGA |
| 041 0# - LANGUAGE CODE | |
| Language code of text/sound track or separate title | eng |
| 090 ## - LOCALLY ASSIGNED LC-TYPE CALL NUMBER (OCLC); LOCAL CALL NUMBER (RLIN) | |
| -- | 77783 |
| 100 1# - MAIN ENTRY--PERSONAL NAME | |
| Personal name | Զուռնաջյան, Սարգիս Ստեփանի |
| 245 10 - TITLE STATEMENT | |
| Title | Ջավախք : |
| Remainder of title | Ժամանակագրություն, Ակնարկներ Ախալքալաքի ամբողջական պատմության / |
| Statement of responsibility, etc. | Ս.Ս. Զուռնաջյան ; Խմբ.՝ Հ. Մելքոնյան. |
| 260 ## - PUBLICATION, DISTRIBUTION, ETC. | |
| Place of publication, distribution, etc. | Երևան : |
| Name of publisher, distributor, etc. | Հայաստան |
| -- | Պարույր Սևակ, |
| Date of publication, distribution, etc. | 2002. |
| 300 ## - PHYSICAL DESCRIPTION | |
| Extent | 622 էջ : |
| Other physical details | աղս., լուսանկ. |
| 504 ## - BIBLIOGRAPHY, ETC. NOTE | |
| Bibliography, etc. note | Մատենագիտ. էջ՝ 612-619 |
| 650 14 - SUBJECT ADDED ENTRY--TOPICAL TERM | |
| Topical term or geographic name entry element | Պատմություն |
| Geographic subdivision | Ջավախք |
| 651 #0 - SUBJECT ADDED ENTRY--GEOGRAPHIC NAME | |
| Geographic name | Ջավախք |
| 700 1# - ADDED ENTRY--PERSONAL NAME | |
| Personal name | Մելքոնյան, Հովհաննես Ռուբենի, |
| Dates associated with a name | 1937- |
| Relator term | խմբ |
| Relationship | edt |
| 942 ## - ADDED ENTRY ELEMENTS (KOHA) | |
| Source of classification or shelving scheme | Universal Decimal Classification |
| Koha item type | Գրքեր / Books |
| Withdrawn status | Lost status | Damaged status | Not for loan | Collection | Home library | Current library | Date acquired | Total checkouts | Full call number | Barcode | Date last seen | Price effective from | Koha item type | Public note |
|---|---|---|---|---|---|---|---|---|---|---|---|---|---|---|
| General | Fundamental Scientific Library | Fundamental Scientific Library | 22/12/2016 | AII/87557 | 220087557 | 22/12/2016 | 22/12/2016 | Գրքեր / Books | 30 Days Loan | |||||
| General | Fundamental Scientific Library | Fundamental Scientific Library | 22/12/2016 | AII/88433 | 220088433 | 22/12/2016 | 22/12/2016 | Գրքեր / Books | 30 Days Loan |
ՀՀ Գիտությունների ազգային ակադեմիայի հիմնարար գիտական գրադարան = Fundamental Scientific Library of NAS RA
All site content, except where otherwise noted, is licensed under a